| 000 | 01268nam0a2200361 4500 | ||
|---|---|---|---|
| 001 | RU\NLR\bibl\209466 | ||
| 005 | 20250619100316.0 | ||
| 010 |
_a5-282-02065-3 _93000 |
||
| 020 |
_aRU _b01-26821 _9Книжная летопись |
||
| 021 |
_aRU _b2001-8526 _9408 |
||
| 035 | _a(NLR Aleph) 000205694 | ||
| 090 |
_a1193023 _c1193023 |
||
| 100 | _a20011112d2000 |||y0rusy50 ca | ||
| 101 | 0 | _arus | |
| 102 | _aRU | ||
| 105 | _aa ||||||||| | ||
| 200 | 1 |
_aИскусство страхования _eПракт. рук. _f[С. Г. Зиборова и др. _gПод общ. ред. В. С. Клешнева] |
|
| 210 |
_aМ. _cЭкономика _d2000 |
||
| 215 |
_a89,[1] с. _cил. _d20 |
||
| 320 | _aБиблиогр.: с. 89-90 | ||
| 606 | 0 |
_aСтрахование _jРуководства, пособия и т.п. _yРоссийская Федерация _92107223 _3RU\NLR\auth\661273832 |
|
| 610 | 0 | _aСтрахование | |
| 675 |
_a368 _v3 _zrus |
||
| 686 |
_a65.271 _2rubbk |
||
| 686 | _aУ26(2)31я7 | ||
| 701 | 1 |
_aЗиборова _bС. Г. _4070 |
|
| 702 | 1 |
_aКлешнев _bВ. С. _4340 |
|
| 801 | 0 |
_aRU _bRKP _c20011112 _gPSBO |
|
| 801 | 1 |
_aRU _bRKP _c20011112 |
|
| 801 | 2 |
_aRU _bNLR _c20020218 _grcr |
|
| 942 | _cBOOK | ||
| 980 | _aNB | ||